[Event "Kreuzberg Open 2008"]
[Site "Berlin-Kreuzberg"]
[Date "2008.07.27"]
[Round "8.4"]
[White "Bukowski, Henryk"]
[Black "Schmidt-Schäffer, Sebastian"]
[Result "1/2-1/2"]
[WhiteElo "2175"]
[BlackElo "2391"]
[PlyCount "101"]
[EventDate "2008.??.??"]
[WhiteTeam "BSC Rehberge 1945 e.V."]
[BlackTeam "SC Kreuzberg e.V."]

1. c4 f5 2. Nf3 Nf6 3. g3 c6 4. Bg2 d5 5. O-O g6 6. b3 Bg7 7. Bb2 O-O 8. d4 Ne4
9. e3 Be6 10. Nbd2 h6 11. Qc2 Nd7 12. a3 g5 13. Rae1 Rc8 14. c5 Bf7 15. b4 Qc7
16. Ba1 Bg6 17. Qb3 g4 18. Nh4 Nxd2 19. Qc2 Nxf1 20. Nxg6 Rf7 21. Rxf1 Re8 22.
Nh4 e6 23. Rb1 Nf6 24. a4 Ne4 25. Ng6 h5 26. Qe2 Bf6 27. Nf4 Rh7 28. Bxe4 fxe4
29. b5 Bg5 30. b6 axb6 31. cxb6 Qg7 32. a5 Bxf4 33. exf4 Ra8 34. Bc3 Kf7 35.
Qe3 Kg6 36. Qe2 Kf5 37. Qc2 h4 38. Qa2 Qh8 39. Re1 Qg7 40. Re2 Rah8 41. Qc2 Kf6
42. Qd2 Rh5 43. Bb4 Qd7 44. Qc2 e3 45. Qd3 exf2+ 46. Rxf2 hxg3 47. Qxg3 Qh7 48.
f5 Rxf5 49. Qe5+ Kf7 50. Rxf5+ exf5 51. a6 {(=)} 1/2-1/2

[Event "Kreuzberg Open 2008"]
[Site "Berlin-Kreuzberg"]
[Date "2008.07.26"]
[Round "8.5"]
[White "Welz, Peter"]
[Black "Lüders, Gerhard"]
[Result "1/2-1/2"]
[WhiteElo "2169"]
[BlackElo "2237"]
[PlyCount "30"]
[EventDate "2008.??.??"]
[WhiteTeam "SV Empor Berlin e.V."]
[BlackTeam "BSC Rehberge 1945 e.V."]

1. e4 c5 2. Nc3 Nc6 3. g3 g6 4. Bg2 d6 5. d3 Bg7 6. Be3 e6 7. Qd2 Nge7 8. Bh6
Bxh6 9. Qxh6 Nd4 10. Qd2 Rb8 11. Nge2 Nec6 12. O-O Bd7 13. Nxd4 Nxd4 14. Ne2
Nxe2+ 15. Qxe2 O-O 1/2-1/2

[Event "Kreuzberg Open 2008"]
[Site "Berlin-Kreuzberg"]
[Date "2008.07.27"]
[Round "8.6"]
[White "Dimitrijeski, Kristian"]
[Black "Behrmann, Joachim"]
[Result "1-0"]
[WhiteElo "2167"]
[BlackElo "2211"]
[PlyCount "111"]
[EventDate "2008.??.??"]
[WhiteTeam "Sfrd. Berlin 1903 e.V."]
[BlackTeam "SK Zehlendorf e.V."]

1. d4 d5 2. c4 e6 3. Nc3 Nf6 4. Bg5 Nbd7 5. cxd5 exd5 6. Qc2 Be7 7. e3 O-O 8.
Bd3 Re8 9. Nf3 Nf8 10. O-O c6 11. h3 Be6 {(=)} 12. Rae1 Ne4 13. Bxe7 Rxe7 14.
Nxe4 dxe4 15. Bxe4 Bxa2 16. b3 Bxb3 17. Qxb3 Rxe4 18. Qxb7 Re6 19. Ne5 Re7 20.
Qxc6 a5 21. Ra1 Rea7 22. Ra4 Ra6 23. Qb5 Ng6 24. Nxg6 Rxg6 25. d5 f5 26. Rd1
Qg5 27. Qf1 Qd8 28. Qc4 Rd6 29. Qd4 Qd7 30. f3 Rg6 31. d6 Kf8 32. Qd5 Qxa4 33.
Qxa8+ Qe8 34. Qxa5 Qxe3+ 35. Kh1 Qe2 36. Qxf5+ Kg8 37. Qd5+ Kf8 38. Qd2 Qxd2
39. Rxd2 Ke8 40. d7+ Kd8 41. Kg1 Ra6 42. Kf2 Ra4 43. Kg3 Rb4 44. f4 Ra4 45. Rd3
Ra2 46. Kf3 Ra5 47. g4 Rb5 48. g5 Rb1 49. Ra3 Rb7 50. Rd3 Rb1 51. Ke4 Re1+ 52.
Kf5 Re7 53. h4 Rf7+ 54. Kg4 Re7 55. h5 Re1 56. Ra3 1-0

[Event "Kreuzberg Open 2008"]
[Site "Berlin-Kreuzberg"]
[Date "2008.07.26"]
[Round "8.7"]
[White "Albrecht, Rainer"]
[Black "Pfeffer, Ruprecht"]
[Result "1/2-1/2"]
[WhiteElo "2184"]
[BlackElo "2155"]
[PlyCount "33"]
[EventDate "2008.??.??"]
[WhiteTeam "SC Kreuzberg e.V."]
[BlackTeam "SC Weisse Dame e.V."]

1. d4 Nf6 2. c4 c5 3. d5 b5 4. cxb5 a6 5. bxa6 Bxa6 6. Nc3 d6 7. e4 Bxf1 8.
Kxf1 g6 9. Nge2 Bg7 10. h3 O-O 11. Kg1 Nbd7 12. Kh2 Qa5 13. Qc2 Rfb8 14. Rb1
Ne8 15. b3 Nc7 16. Rd1 Nb5 17. Nxb5 1/2-1/2

[Event "Kreuzberg Open 2008"]
[Site "Berlin-Kreuzberg"]
[Date "2008.07.26"]
[Round "8.8"]
[White "Kohler, Thomas"]
[Black "Lang, Martin"]
[Result "1-0"]
[WhiteElo "2276"]
[BlackElo "2000"]
[PlyCount "52"]
[EventDate "2008.??.??"]
[WhiteTeam "SC Zitadelle Spandau 1977 e.V."]
[BlackTeam "SV Neustadt/Altenstadt"]

1. Nf3 d5 2. c4 c6 3. d4 Nf6 4. Nc3 a6 5. a4 dxc4 6. e3 e6 7. Bxc4 Bb4 8. O-O
a5 9. Qe2 Bxc3 10. bxc3 Nbd7 11. Ba3 Nb6 12. Bb3 Nfd5 13. Rac1 Ne7 14. Bc2 Qd5
15. Ne5 Qd8 16. Qh5 g6 17. Qh6 Rf8 18. Qxh7 Nbd5 19. Bb3 Nf6 20. Qh6 Rg8 21.
Qg5 Ne4 22. Qf4 f5 23. Qh6 Nd2 24. Qh7 Rf8 25. Nxg6 Nxb3 26. Nxf8 Nxc1 1-0

[Event "Kreuzberg Open 2008"]
[Site "Berlin-Kreuzberg"]
[Date "2008.07.26"]
[Round "8.9"]
[White "Niehaus, Frank"]
[Black "von Löhneysen, Leonard"]
[Result "1/2-1/2"]
[WhiteElo "2185"]
[BlackElo "1995"]
[PlyCount "80"]
[EventDate "2008.??.??"]
[WhiteTeam "Sfrd. Berlin 1903 e.V."]
[BlackTeam "SK Zehlendorf e.V."]

1. e4 c5 2. Nf3 Nc6 3. d4 cxd4 4. Nxd4 Nf6 5. Nc3 e5 6. Ndb5 d6 7. Bg5 a6 8.
Na3 b5 9. Nd5 Be7 10. Bxf6 Bxf6 11. c4 b4 12. Nc2 a5 13. g3 O-O 14. Bg2 Bg5 15.
O-O Be6 16. Qd3 Ne7 17. Nxe7+ Bxe7 18. b3 Qb6 19. Kh1 a4 20. f4 f6 21. Qd2 Rfb8
22. Bf3 Qc5 23. Qe2 Qc6 24. Rfd1 Ra6 25. Rab1 axb3 26. axb3 Qb7 27. Kg2 Ra2 28.
Rd2 Bf7 29. Bg4 g6 30. Bf3 Be8 31. Ne3 Rxd2 32. Qxd2 Bc6 33. Nd5 Bxd5 34. cxd5
Ra8 35. fxe5 fxe5 36. Bg4 Kg7 37. h4 h6 38. Be6 Rf8 39. Rc1 Qa6 40. Rc4 Qa1
1/2-1/2

[Event "Kreuzberg Open 2008"]
[Site "Berlin-Kreuzberg"]
[Date "2008.07.27"]
[Round "8.10"]
[White "Weissenbach, Klaus"]
[Black "Gebigke, Martin"]
[Result "0-1"]
[WhiteElo "2012"]
[BlackElo "2151"]
[PlyCount "94"]
[EventDate "2008.??.??"]
[WhiteTeam "SG Lasker Steglitz-Wilmersdorf"]
[BlackTeam "SV Berolina Mitte e.V."]

1. e4 d6 2. d4 Nf6 3. Nc3 g6 4. Nf3 Bg7 5. Bc4 O-O 6. Qe2 Nc6 7. h3 Nd7 8. Be3
a6 9. a4 e5 10. Bg5 Bf6 11. Bxf6 Qxf6 12. Nd5 Qd8 13. c3 Kg7 14. O-O Re8 15.
Qd3 Nf6 16. dxe5 dxe5 17. Rad1 h6 18. Qe3 Nxd5 19. Bxd5 Qf6 20. Rd3 Ne7 21. Bb3
g5 22. Qc5 Ng6 23. Qxc7 Nf4 24. Rd6 Nxh3+ 25. Kh1 Qf4 26. Bxf7 Qxf7 27. Qxf7+
Kxf7 28. gxh3 Bxh3 29. Rfd1 Re6 30. Rd7+ Kg6 31. Kh2 Bg4 32. Kg3 Bxf3 33. Kxf3
Rf8+ 34. Kg3 b6 35. R1d5 h5 36. Ra7 h4+ 37. Kg2 g4 38. Rdd7 Kg5 39. Rg7+ Kf4
40. Rxa6 h3+ 41. Kh2 {(=)} Rd6 42. Raa7 Rdf6 43. Rac7 Kf3 44. Rce7 Rd8 45. Rxe5
Rd2 46. Reg5 Rxf2+ 47. Kh1 Rf4 0-1

[Event "Kreuzberg Open 2008"]
[Site "Berlin-Kreuzberg"]
[Date "2008.07.26"]
[Round "8.11"]
[White "Richter, Götz"]
[Black "Sechting, Martin"]
[Result "1-0"]
[WhiteElo "1997"]
[BlackElo "2100"]
[PlyCount "79"]
[EventDate "2008.??.??"]
[WhiteTeam "Klub Kölner Schachfreunde e.V. 1"]
[BlackTeam "Hamburger SK von 1830 eV"]

1. e4 c5 2. Nf3 a6 3. c4 d6 4. d4 cxd4 5. Nxd4 Nf6 6. Nc3 e6 7. g3 Nbd7 8. Bg2
Qc7 9. b3 b5 10. e5 dxe5 11. Ndxb5 Qa5 12. Bd2 axb5 13. Nxb5 Bb4 14. Bxa8 O-O
15. Bg2 Nc5 16. a3 Bxd2+ 17. Qxd2 Qxd2+ 18. Kxd2 Nxb3+ 19. Kc3 Nxa1 20. Rxa1
Ba6 21. Rd1 Rc8 22. Kb4 Bxb5 23. cxb5 e4 24. Rd6 Kf8 25. Ka5 Rc2 26. b6 Rb2 27.
Ka6 Ke7 28. Rc6 Nd7 29. Bxe4 Nb8+ 30. Kb7 Nxc6 31. Bxc6 Rxf2 32. Kc7 Rd2 33. b7
Rd8 34. b8=Q Rxb8 35. Kxb8 Kd6 36. Kb7 f5 37. a4 e5 38. a5 e4 39. a6 e3 40. Bf3
1-0

[Event "Kreuzberg Open 2008"]
[Site "Berlin-Kreuzberg"]
[Date "2008.07.29"]
[Round "9.1"]
[White "Dimitrijeski, Kristian"]
[Black "Kalinitschew, Sergey"]
[Result "1/2-1/2"]
[WhiteElo "2167"]
[BlackElo "2456"]
[PlyCount "166"]
[EventDate "2008.??.??"]
[WhiteTeam "Sfrd. Berlin 1903 e.V."]
[BlackTeam "SC Kreuzberg e.V."]

1. d4 Nf6 2. c4 e6 3. g3 c5 4. d5 exd5 5. cxd5 d6 6. Nc3 g6 7. Bg2 Bg7 8. Nf3
O-O 9. O-O a6 10. a4 Re8 11. Nd2 Nbd7 12. a5 b5 13. axb6 Nxb6 14. Nb3 Bd7 15.
Na5 Qc7 16. e4 Bb5 17. Re1 Nfd7 18. Bf1 Bxf1 19. Kxf1 {(=)} c4 20. Be3 Ne5 21.
Qc2 Nf3 22. Rec1 Nxh2+ 23. Kg2 Ng4 24. Bxb6 Qxb6 25. Nxc4 Qc7 26. Na5 h5 27.
Nc6 Bh6 28. Re1 Ne5 29. Nxe5 Rxe5 30. Qd3 Qb6 31. Re2 Re7 32. Nb1 Bg7 33. Na3
Rc8 34. Rb1 Rec7 35. f4 Rc1 36. Re1 Rxe1 37. Rxe1 Bxb2 38. Rb1 Qd4 39. Qxd4
Bxd4 40. Rb4 Bc5 41. Ra4 Rb8 42. e5 Rb2+ 43. Kh3 Ra2 44. exd6 Kf8 45. Rxa6 Rxa3
46. Rc6 Bxd6 47. Rxd6 Rd3 48. f5 gxf5 49. Kh4 Ke7 50. Rh6 Rxd5 51. Rxh5 Rd4+
52. Kh3 Kf6 53. Rh8 f4 54. gxf4 Kf5 55. Rf8 f6 56. Kg3 Rd3+ 57. Kf2 {(=)} Rd6
58. Kg3 Re6 59. Kf3 Ra6 60. Kg3 Ra4 61. Rf7 Ra8 62. Kf3 Rb8 63. Kg3 Ke6 64. Ra7
Rb3+ 65. Kg4 f5+ 66. Kh4 Kf6 67. Ra6+ Kf7 68. Kg5 Rb7 69. Rf6+ Kg7 70. Rxf5 Ra7
71. Rb5 Kf7 72. Kf5 Rc7 73. Ke5 Re7+ 74. Kf5 Ra7 75. Kg5 Rc7 76. f5 Ra7 77. Rb1
Ra6 78. Rb7+ Kf8 79. f6 Ra1 80. f7 Rg1+ 81. Kf4 Rf1+ 82. Ke4 Rxf7 83. Rxf7+
Kxf7 1/2-1/2

[Event "Kreuzberg Open 2008"]
[Site "Berlin-Kreuzberg"]
[Date "2008.07.29"]
[Round "9.2"]
[White "Lüders, Gerhard"]
[Black "Berger, Steve"]
[Result "1/2-1/2"]
[WhiteElo "2237"]
[BlackElo "2408"]
[PlyCount "29"]
[EventDate "2008.??.??"]
[WhiteTeam "BSC Rehberge 1945 e.V."]
[BlackTeam "SC Kreuzberg e.V."]

1. d4 e6 2. Nf3 Nf6 3. g3 b5 4. Bg2 Bb7 5. O-O c5 6. c3 Be7 7. Bg5 Na6 8. Qd3
Qb6 9. Nbd2 d5 10. a3 O-O 11. Ne5 Rad8 12. e3 h6 13. Bxf6 Bxf6 14. f4 g6 15. g4
{(=)} 1/2-1/2

[Event "Kreuzberg Open 2008"]
[Site "Berlin-Kreuzberg"]
[Date "2008.07.29"]
[Round "9.3"]
[White "Rabiega, Robert"]
[Black "Kohler, Thomas"]
[Result "1-0"]
[WhiteElo "2552"]
[BlackElo "2276"]
[PlyCount "37"]
[EventDate "2008.??.??"]
[WhiteTeam "SK König Tegel 1949 e.V."]
[BlackTeam "SC Zitadelle Spandau 1977 e.V."]

1. e4 c5 2. c3 Nf6 3. e5 Nd5 4. Nf3 Nc6 5. d4 cxd4 6. cxd4 d6 7. Bc4 Nb6 8. Bb5
dxe5 9. Nxe5 Bd7 10. Nxd7 Qxd7 11. Nc3 e6 12. O-O Be7 13. Qg4 Bf6 14. Rd1 a6
15. Bxc6 Qxc6 16. Ne4 h5 17. Qe2 Rd8 18. Bf4 Nd5 19. Be5 1-0

[Event "Kreuzberg Open 2008"]
[Site "Berlin-Kreuzberg"]
[Date "2008.07.29"]
[Round "9.4"]
[White "Kiesekamp, Marcos"]
[Black "Albrecht, Rainer"]
[Result "1-0"]
[WhiteElo "2316"]
[BlackElo "2184"]
[PlyCount "165"]
[EventDate "2008.??.??"]
[WhiteTeam "TuS Makkabi Berlin e.V."]
[BlackTeam "SC Kreuzberg e.V."]

1. e4 e6 2. d4 d5 3. Nd2 a6 4. Bd3 c5 5. dxc5 Bxc5 6. Ngf3 Nc6 7. c3 Nf6 8. Qe2
Qc7 9. O-O dxe4 10. Nxe4 Nxe4 11. Qxe4 Ne7 12. Re1 Ng6 13. h4 Bd7 14. h5 Bc6
15. Qf5 Qb6 16. Nd4 Bxd4 17. cxd4 Ne7 18. Qe5 h6 19. b3 Rd8 20. Bb2 Bd5 {(=)}
21. Re3 Qd6 22. Rg3 Qxe5 23. dxe5 O-O 24. Re1 Bc6 25. Ba3 Rfe8 26. Bc4 Nf5 27.
Rd3 Rxd3 28. Bxd3 Rd8 29. Rd1 Rd5 30. Bb2 Kf8 31. Be2 Ke8 32. b4 Ne7 33. f3
Rxd1+ 34. Bxd1 Nd5 35. a3 Nf4 36. g3 Nxh5 37. Kf2 g5 38. f4 Ng7 39. fxg5 hxg5
40. Bc1 Nf5 41. g4 Ne7 42. Bxg5 Nd5 43. Bd2 Ke7 44. a4 Nb6 45. a5 Nd5 46. g5
Ke8 47. Ke2 Bb5+ 48. Kf3 Bc6 49. Kg4 Kf8 50. Bb3 Kg7 51. Bc4 Kg6 52. Bd3+ Kg7
53. Kg3 Be8 54. Kf3 Bc6 55. Ke2 Ne7 56. Ke3 Nf5+ 57. Kf4 Ne7 58. Kg4 Ng6 59.
Bc3 Ne7 60. Bd4 Ng6 61. Bc2 Ne7 62. Bc5 Nd5 63. Bd3 Ba4 64. Kf3 Bc6 65. Kg3 Bd7
66. Bd6 Bc6 67. Bc2 Bb5 68. Kf3 Bc6 69. Ke2 Bb5+ 70. Kd2 Bc6 71. Bd3 Ba4 72.
Be4 Bb5 73. Bc5 Bc4 74. Bb6 Bb5 75. Bc5 Bc4 76. Kc2 Bb5 77. Kb3 Bf1 78. Bb6 Be2
79. Bd8 Bd1+ 80. Kc4 Ba4 81. Kc5 Bc6 82. Bd3 Nc3 83. Bxa6 1-0

[Event "Kreuzberg Open 2008"]
[Site "Berlin-Kreuzberg"]
[Date "2008.07.29"]
[Round "9.5"]
[White "Schmidt-Schäffer, Sebastian"]
[Black "Richter, Götz"]
[Result "1-0"]
[WhiteElo "2391"]
[BlackElo "1997"]
[PlyCount "63"]
[EventDate "2008.??.??"]
[WhiteTeam "SC Kreuzberg e.V."]
[BlackTeam "Klub Kölner Schachfreunde e.V. 1"]

1. f4 d5 2. Nf3 g6 3. d4 Bg7 4. c3 Nd7 5. Be3 Ndf6 6. Nbd2 c6 7. g3 Bf5 8. Bg2
Ne4 9. O-O Ngf6 10. Ne5 Nxd2 11. Bxd2 Qb6 12. b4 Ne4 13. Nd3 h5 14. Nc5 Nxc5
15. bxc5 Qc7 16. e3 b6 17. Qa4 bxc5 18. Bxd5 Bd7 19. Be4 Qd6 20. Rab1 cxd4 21.
exd4 c5 22. Qc4 Rc8 23. d5 O-O 24. Rb7 Rc7 25. Rxc7 Qxc7 26. Bxg6 e6 27. Bxh5
exd5 28. Qxd5 Be6 29. Qg2 Bxa2 30. f5 Re8 31. f6 Bf8 32. Bf4 1-0

[Event "Kreuzberg Open 2008"]
[Site "Berlin-Kreuzberg"]
[Date "2008.07.29"]
[Round "9.6"]
[White "Gebigke, Martin"]
[Black "Bartolomäus, Christian"]
[Result "0-1"]
[WhiteElo "2151"]
[BlackElo "2221"]
[PlyCount "53"]
[EventDate "2008.??.??"]
[WhiteTeam "SV Berolina Mitte e.V."]
[BlackTeam "Greifswalder SV"]

1. e4 d6 2. d4 Nf6 3. Nc3 g6 4. f4 Bg7 5. Nf3 c5 6. e5 Nfd7 7. exd6 O-O 8. Be3
exd6 9. Qd2 Nc6 10. O-O-O Qa5 11. Kb1 a6 12. Nd5 Qxd2 13. Rxd2 b5 14. f5 Bb7
15. a4 cxd4 16. Nxd4 Rae8 17. Nxc6 Bxc6 18. Bf2 Nc5 19. Rd1 Ne4 20. Bh4 g5 21.
Be1 bxa4 22. Bxa6 a3 23. bxa3 Ra8 24. Ne7+ Kh8 25. Nxc6 Rxa6 26. Nd4 Rxa3 27.
Nb3 {ZÜ} 0-1

[Event "Kreuzberg Open 2008"]
[Site "Berlin-Kreuzberg"]
[Date "2008.07.29"]
[Round "9.7"]
[White "Pfeffer, Ruprecht"]
[Black "Bukowski, Henryk"]
[Result "1-0"]
[WhiteElo "2155"]
[BlackElo "2175"]
[PlyCount "67"]
[EventDate "2008.??.??"]
[WhiteTeam "SC Weisse Dame e.V."]
[BlackTeam "BSC Rehberge 1945 e.V."]

1. e4 c6 2. d3 g6 3. Nf3 Bg7 4. g3 d5 5. Nbd2 Nf6 6. Bg2 O-O 7. O-O e6 8. Re1
c5 9. e5 Nfd7 10. Nf1 Nc6 11. Bf4 Qb6 12. Qc1 Re8 13. h4 h5 14. N1h2 Ne7 15. g4
hxg4 16. Nxg4 Nf5 17. Bg5 Nf8 18. h5 gxh5 19. Nf6+ Bxf6 20. Bxf6 Nh7 21. Bh3
Nxf6 22. exf6 Kh7 23. Bxf5+ exf5 24. Rxe8 Qxf6 25. Qg5 Qxg5+ 26. Nxg5+ Kg6 27.
f4 f6 28. Ne6 Kf7 29. Nc7 b6 30. Rae1 Rb8 31. R1e7+ Kg6 32. Rg8+ Kh6 33. Rgg7
Be6 34. Rh7+ 1-0

[Event "Kreuzberg Open 2008"]
[Site "Berlin-Kreuzberg"]
[Date "2008.07.29"]
[Round "9.8"]
[White "Jahnz, Fabian"]
[Black "Welz, Peter"]
[Result "1-0"]
[WhiteElo "2139"]
[BlackElo "2169"]
[PlyCount "93"]
[EventDate "2008.??.??"]
[WhiteTeam "SK König Tegel 1949 e.V."]
[BlackTeam "SV Empor Berlin e.V."]

1. e4 e6 2. d4 d5 3. Nc3 Bb4 4. exd5 exd5 5. Bd3 Nc6 6. a3 Bxc3+ 7. bxc3 Nge7
8. Qf3 Be6 9. Ne2 Qd7 10. O-O Bf5 11. Ng3 Bxd3 12. cxd3 O-O 13. h4 Nd8 14. a4
Ne6 15. Re1 Rac8 16. Nh5 Ng6 17. Qh3 Qd8 18. g3 c5 19. f4 cxd4 20. f5 dxc3 21.
fxe6 Qb6+ 22. Be3 Qxe6 23. Qxe6 fxe6 24. Nf4 Ne5 25. Kg2 c2 26. Bd2 Rf5 27. Re3
Rc6 28. Rae1 Ng4 29. Rxe6 Rxe6 30. Rxe6 d4 31. Re8+ Kf7 32. Rc8 h6 33. h5 b5
34. axb5 Rxb5 35. Rxc2 a5 36. Kf3 Nh2+ 37. Ke4 Nf1 38. Be1 Rb1 39. Bf2 Rb4 40.
Ra2 a4 41. Nd5 Rb3 42. Rxa4 Rb2 43. Bxd4 Nxg3+ 44. Kf3 Rb5 45. Ra7+ Kg8 46.
Ne7+ Kf7 47. Nf5+ 1-0

[Event "Kreuzberg Open 2008"]
[Site "Berlin-Kreuzberg"]
[Date "2008.07.29"]
[Round "9.9"]
[White "Behrmann, Joachim"]
[Black "Hahlbohm, Matthias"]
[Result "1-0"]
[WhiteElo "2211"]
[BlackElo "2085"]
[PlyCount "75"]
[EventDate "2008.??.??"]
[WhiteTeam "SK Zehlendorf e.V."]
[BlackTeam "TSG Oberschöneweide e.V."]

1. d4 d5 2. c4 e6 3. Nc3 Nf6 4. Bg5 Be7 5. e3 O-O 6. Nf3 Ne4 7. Bxe7 Qxe7 8.
Rc1 Nxc3 9. Rxc3 c6 10. Bd3 f5 11. Qc2 g6 12. O-O Nd7 13. Qb1 Nf6 14. b4 Bd7
15. b5 Rfc8 16. Rfc1 Ne4 17. Bxe4 fxe4 18. Ne5 cxb5 19. cxb5 Rxc3 20. Rxc3 Rc8
21. Rxc8+ Bxc8 22. Qc2 Qd8 23. Qc5 b6 24. Qc6 Kg7 25. h3 h5 26. g3 g5 27. Kg2
Kf6 28. Qa8 Qc7 29. Nc6 a5 30. bxa6 Bxa6 31. Qh8+ Qg7 32. Qd8+ Kg6 33. Ne5+ Kh7
34. Qxb6 Bc8 35. Qc6 Qf8 36. a4 g4 37. hxg4 hxg4 38. a5 1-0

[Event "Kreuzberg Open 2008"]
[Site "Berlin-Kreuzberg"]
[Date "2008.07.29"]
[Round "9.10"]
[White "Förster, Jonas"]
[Black "Niehaus, Frank"]
[Result "0-1"]
[WhiteElo "2150"]
[BlackElo "2185"]
[PlyCount "62"]
[EventDate "2008.??.??"]
[WhiteTeam "SSC Rostock 07"]
[BlackTeam "Sfrd. Berlin 1903 e.V."]

1. d4 Nf6 2. g3 g6 3. Bg2 Bg7 4. e4 d6 5. Nc3 O-O 6. Nf3 Nbd7 7. O-O c5 8. e5
dxe5 9. dxe5 Ne8 10. Qe2 Nc7 11. Rd1 Rb8 12. Bh3 Qe8 13. Bf4 Ne6 {(=)} 14. Bxe6
fxe6 15. Qc4 Nb6 16. Qxc5 Bd7 17. Qd4 Bc6 18. Ng5 Qc8 19. h4 h6 20. Nge4 Nd7
21. Nc5 Nxc5 22. Qxc5 b6 23. Qe3 Qb7 24. Kh2 g5 25. hxg5 hxg5 26. Bxg5 Rf3 27.
Qe2 Rbf8 28. Bf4 Kf7 29. Kh3 Rh8+ 30. Kg4 Rxc3 31. bxc3 Be4 0-1

[Event "Kreuzberg Open 2008"]
[Site "Berlin-Kreuzberg"]
[Date "2008.07.29"]
[Round "9.11"]
[White "von Löhneysen, Leonard"]
[Black "Zschäbitz, Klaus"]
[Result "0-1"]
[WhiteElo "1995"]
[BlackElo "2103"]
[PlyCount "54"]
[EventDate "2008.??.??"]
[WhiteTeam "SK Zehlendorf e.V."]
[BlackTeam "BSG 1827 Eckbauer e.V."]

1. c4 b6 2. Nc3 Bb7 3. e4 e6 4. b3 Nf6 5. e5 Ne4 6. Nxe4 Bxe4 7. Qg4 Bf5 8. Qg3
Nc6 9. Nf3 Nb4 10. Nd4 Bg6 11. a3 Bc5 12. axb4 Bxd4 13. Ra2 O-O 14. Be2 Bb1 15.
Ra3 f6 16. exf6 Qxf6 17. O-O Be5 18. Qe3 d5 19. d3 Bd4 20. Qg3 Bb2 21. Bg5 Qc3
22. Ra6 Bc2 23. Bg4 Bxd3 24. Bxe6+ Kh8 25. Bxd5 Rae8 26. Be3 Bxf1 27. Kxf1 Rxe3
0-1

[Event "Kreuzberg Open 2008"]
[Site "Berlin-Kreuzberg"]
[Date "2008.07.20"]
[Round "2.1"]
[White "Löhr, Wilhelm"]
[Black "Rabiega, Robert"]
[Result "0-1"]
[WhiteElo "2056"]
[BlackElo "2552"]
[PlyCount "70"]
[EventDate "2008.??.??"]
[WhiteTeam "SC Kreuzberg e.V."]
[BlackTeam "SK König Tegel 1949 e.V."]

1. e4 e5 2. Bc4 Nf6 3. d3 Nc6 4. Nf3 Bc5 5. c3 d6 6. b4 Bb6 7. a4 a6 8. Qe2 h6
9. Be3 Bxe3 10. fxe3 O-O 11. O-O Ne7 12. Nh4 d5 13. Bb3 Qd6 14. Nd2 Bg4 15. Qe1
Rad8 16. Qg3 Be2 17. Rf5 Bxd3 18. Rxe5 Nxe4 19. Nxe4 Bxe4 20. Rf1 Kh8 21. Qg4
Ng6 22. Nxg6+ fxg6 23. Qg3 Rxf1+ 24. Kxf1 Rf8+ 25. Ke2 a5 26. Rxe4 Qxg3 27.
hxg3 dxe4 28. Bd5 c6 29. Bxe4 Ra8 30. Bc2 g5 31. Kd3 b5 32. Kd4 bxa4 33. Bxa4
axb4 34. Bxc6 bxc3 35. Be4 Ra4+ {aufgegeben.} 0-1

[Event "Kreuzberg Open 2008"]
[Site "Berlin-Kreuzberg"]
[Date "2008.07.20"]
[Round "2.2"]
[White "Kalinitschew, Sergey"]
[Black "Jaeger, Andre"]
[Result "1-0"]
[WhiteElo "2456"]
[BlackElo "2019"]
[PlyCount "109"]
[EventDate "2008.??.??"]
[WhiteTeam "SC Kreuzberg e.V."]
[BlackTeam "SC Rochade e.V."]

1. d4 Nf6 2. c4 d6 3. Nc3 Nbd7 4. Nf3 g6 5. g3 Bg7 6. Bg2 O-O 7. O-O e5 8. e4
c6 9. h3 exd4 10. Nxd4 Qb6 11. Re1 Ne8 12. Nb3 Qb4 13. Bf1 Nc5 14. Be3 b6 15.
Bd2 Be6 16. Qc2 Bxc4 17. Nxc5 Bxc3 18. Bxc3 Qxc5 19. b4 Qb5 20. a4 Qa6 21. Bg2
Rd8 22. Bb2 d5 23. exd5 cxd5 24. Re7 Ng7 25. Qd2 Nf5 26. b5 Qc8 27. Rxa7 Qb8
28. Ra6 Rde8 29. Qc3 f6 30. a5 Re6 31. axb6 Rxb6 32. Rxb6 Qxb6 33. Ra6 Qxb5 34.
Rxf6 d4 35. Rxf8+ Kxf8 36. Qa3+ Ke8 37. Qa8+ Kd7 38. Qa7+ Ke6 39. Bxd4 Qb1+ 40.
Kh2 Nxd4 41. Qxd4 Qb5 42. Qg7 Qd7 43. Qg8+ Qf7 44. Qc8+ Kf6 45. Qh8+ Ke7 46. f4
Qg8 47. Qe5+ Qe6 48. Qc7+ Kf6 49. Qxh7 Qe2 50. Qd7 Bd3 51. g4 g5 52. Qd6+ Kf7
53. Qd5+ Kf8 54. Qxg5 Be4 55. Qf6+ 1-0

[Event "Kreuzberg Open 2008"]
[Site "Berlin-Kreuzberg"]
[Date "2008.07.20"]
[Round "2.3"]
[White "Solhjou, Mohammed"]
[Black "Berger, Steve"]
[Result "0-1"]
[WhiteElo "2030"]
[BlackElo "2408"]
[PlyCount "66"]
[EventDate "2008.??.??"]
[WhiteTeam "Betriebsschach"]
[BlackTeam "SC Kreuzberg e.V."]

1. e4 e6 2. d4 d5 3. Nd2 Be7 4. Bd3 c5 5. c3 cxd4 6. cxd4 dxe4 7. Nxe4 Nf6 8.
Nf3 O-O 9. O-O Nc6 10. Be3 Nb4 11. Nxf6+ Bxf6 12. Bb1 b6 13. a3 Nd5 14. Ne5
Bxe5 15. Qd3 Bxh2+ 16. Kxh2 Qh4+ 17. Kg1 Nf6 18. Qd2 Rd8 19. Bf4 Rd5 20. Be5
Ba6 21. Re1 Rad8 22. f3 Nd7 23. Re4 Qh5 24. Bc7 Nc5 25. Rg4 Nb3 26. Qe1 Rxd4
27. Bxd8 Rxd8 28. Rh4 Qc5+ 29. Kh1 Nxa1 30. Bxh7+ Kf8 31. Be4 Ke7 32. Qxa1 Be2
33. b4 Qf2 0-1

[Event "Kreuzberg Open 2008"]
[Site "Berlin-Kreuzberg"]
[Date "2008.07.20"]
[Round "2.4"]
[White "Rollwitz, Jürgen"]
[Black "Kiesekamp, Marcos"]
[Result "0-1"]
[WhiteElo "2018"]
[BlackElo "2316"]
[PlyCount "76"]
[EventDate "2008.??.??"]
[WhiteTeam "SG Wedding e.V."]
[BlackTeam "TuS Makkabi Berlin e.V."]

1. e4 c5 2. Nc3 Nc6 3. g3 g6 4. Bg2 Bg7 5. d3 d6 6. Be3 e5 7. Nd5 Be6 8. c3 f5
9. Ne2 Nf6 10. Qd2 O-O 11. Bg5 Qd7 12. O-O Nh5 13. Bh6 f4 14. Bxg7 Qxg7 15. f3
Bxd5 16. exd5 Ne7 17. g4 Nf6 18. c4 h5 19. h3 g5 20. Nc3 Ng6 21. Nb5 Qd7 22.
Nc3 Kg7 23. Qe2 e4 24. Nxe4 Nxe4 25. dxe4 Ne5 26. b3 a6 27. a4 Rab8 28. Ra3 b5
29. axb5 axb5 30. Rfa1 bxc4 31. bxc4 Rb4 32. Ra7 Rb7 33. Rxb7 Qxb7 34. Ra5 Qb1+
35. Bf1 hxg4 36. hxg4 Rb8 37. Ra2 Rb3 38. Qc2 Nxf3+ 0-1

[Event "Kreuzberg Open 2008"]
[Site "Berlin-Kreuzberg"]
[Date "2008.07.20"]
[Round "2.5"]
[White "Kohler, Thomas"]
[Black "Reiche, Henry"]
[Result "1/2-1/2"]
[WhiteElo "2276"]
[BlackElo "2015"]
[PlyCount "39"]
[EventDate "2008.??.??"]
[WhiteTeam "SC Zitadelle Spandau 1977 e.V."]
[BlackTeam "SV Berolina Mitte e.V."]

1. Nf3 Nf6 2. c4 c5 3. Nc3 Nc6 4. d4 cxd4 5. Nxd4 g6 6. g3 Bg7 7. Bg2 O-O 8.
O-O Nxd4 9. Qxd4 d6 10. Qd3 Rb8 11. Be3 Bf5 12. Qd2 b6 13. Bg5 Qd7 14. Rfd1 Bh3
15. Bxf6 Bxf6 16. Nd5 Bxg2 17. Nxf6+ exf6 18. Kxg2 Rfd8 19. Qd4 Qe6 20. e3
1/2-1/2

[Event "Kreuzberg Open 2008"]
[Site "Berlin-Kreuzberg"]
[Date "2008.07.20"]
[Round "2.6"]
[White "Weissenbach, Klaus"]
[Black "Lüders, Gerhard"]
[Result "0-1"]
[WhiteElo "2012"]
[BlackElo "2237"]
[PlyCount "162"]
[EventDate "2008.??.??"]
[WhiteTeam "SG Lasker Steglitz-Wilmersdorf"]
[BlackTeam "BSC Rehberge 1945 e.V."]

1. e4 c5 2. Nf3 d6 3. d4 cxd4 4. Nxd4 Nf6 5. Nc3 a6 6. f4 e6 7. Qf3 Qb6 8. Nb3
Qc7 9. Be3 b5 10. Bd3 Bb7 11. a3 Nbd7 12. O-O Be7 13. Rae1 Nc5 14. Bd4 O-O 15.
Qg3 g6 16. e5 Nh5 17. Qe3 Rac8 18. Be2 Ng7 19. g4 Nxb3 20. cxb3 Rfd8 21. Bb6
Qc6 22. Bf3 d5 23. Bd4 b4 24. axb4 Bxb4 25. Rc1 Qd7 26. Na4 Rxc1 27. Rxc1 Rc8
28. Nb6 Rxc1+ 29. Qxc1 Qd8 30. Na4 Ne8 31. Nc3 Ba5 32. Qe3 Nc7 33. Be2 Qd7 34.
Bd3 Bc6 35. f5 exf5 36. gxf5 Qe7 37. e6 f6 38. Qh6 Qg7 39. Qxg7+ Kxg7 40. Ne2
Bb5 41. Bxb5 axb5 42. Bc5 Na6 43. Bd6 Bc7 44. Bxc7 Nxc7 45. Nd4 Kf8 46. Kf2 Ke7
47. Ke3 Kd6 48. h4 gxf5 49. Nxf5+ Kxe6 50. Nd4+ Ke5 51. b4 h5 52. b3 Na6 53.
Nxb5 f5 54. Nd4 f4+ 55. Kd3 Nxb4+ 56. Kc3 Ke4 57. Ne6 Nc6 58. Kd2 f3 59. Nc5+
Kf4 60. Nd3+ Kg3 61. Ke1 Kg2 62. Nf4+ Kg1 63. Nh3+ Kh2 64. Nf4 Kg3 65. Nd3 Kxh4
66. Kf2 Kg4 67. b4 Nd4 68. Ne5+ Kf4 69. Nd3+ Kg4 70. Ne5+ Kf5 71. Nd3 h4 72.
Ke3 Nc6 73. b5 Ne5 74. Nf2 Ke6 75. Kd4 Nc4 76. Kc5 Ke5 77. b6 Nxb6 78. Kxb6 Kf4
79. Kc5 Kg3 80. Nd1 h3 81. Ne3 h2 {aaufgegeben.} 0-1